000
00314 a2200157 4500
001
165240
020
_a
040
_c
Magnum
100
_a
Silva, Vera Lopes da
240
1
0
_a
Sempre o amor !
_l
por
245
1
0
_a
Sempre o amor !
362
0
_a
1899
440
1
_a
Dimensão
697
_a
IJ/GERAL
942
_c
BK
999
_c
165240
_d
165240